UBT Library

Automated inventory management for the distributor / (Record no. 41939)

000 -LEADER
fixed length control field 00551pam a2200205 i 4500
001 - CONTROL NUMBER
control field 882131
005 - DATE AND TIME OF LATEST TRANSACTION
control field 20180206082355.0
008 - FIXED-LENGTH DATA ELEMENTS--GENERAL INFORMATION
fixed length control field 800604s1980 mau 001 0 eng
010 ## - LIBRARY OF CONGRESS CONTROL NUMBER
LC control number 80017655
020 ## - INTERNATIONAL STANDARD BOOK NUMBER
International Standard Book Number 0843607947 :
Terms of availability $17.95
040 ## - CATALOGING SOURCE
Original cataloging agency DLC
Transcribing agency DLC
Modifying agency DLC
041 ## - LANGUAGE CODE
Language code of text/sound track or separate title eng
080 ## - UNIVERSAL DECIMAL CLASSIFICATION NUMBER
Universal Decimal Classification number 658.7/87/02854 GOR
082 00 - DEWEY DECIMAL CLASSIFICATION NUMBER
Classification number 658.7/87/02854 GOR
100 1# - Rafti
Rafti 54
101 ## - Shkurtesa
Shkurtesa MAN
245 10 - TITLE STATEMENT
Title Automated inventory management for the distributor /
Statement of responsibility, etc Gordon Graham.
906 ## - LOCAL DATA ELEMENT F, LDF (RLIN)
a 7
b cbc
c orignew
d 1
e ocip
f 19
g y-gencatlg
942 ## - ADDED ENTRY ELEMENTS (KOHA)
Source of classification or shelving scheme
Item type Books
Holdings
Withdrawn status Lost status Source of classification or shelving scheme Damaged status Not for loan Collection code Permanent location Current location Shelving location Date acquired Total Checkouts Full call number Barcode Date last seen Price effective from Koha item type
          Koleksioni i përgjithshem UBT - Lipjan UBT - Lipjan Koleksioni i përgjithshem 02/06/2018   658.7/87/02854 GOR 002-2999072 02/06/2018 02/06/2018 Books
UBT Library © 2015-2024. All rights reserved University Education for Business and Technology